00553 2200193 4500001002100000005001500021035002000036245009500056100003100151250000600182300003100188700002100219260003800240082000800278084001400286020002200300600002000322990001700342INLIS00000000000187420260127090108 a0010-01260000101 aKomix Next G :bIngin ke Mekah /cAqila Thafana Mutazkia dkk; Penyunting, Wiwit Wijiastuti0 aAqila Thafana Mutazkia dkk a- a88 hlm. :bilus. ;c21 cm.0 aWiwit Wijiastuti aBandung :bMuffin Graphics,c2025 a813 a813 AQI k a978-623-150-191-2 4aFiksi Indonesia a05465/P/2026